000 00937cam a22002893a 4500
001 31012
003 PGUSA
005 20140828083654.0
008 100118s2010||||xxu|||||s|||||000 1 eng d
040 _aPGUSA
_beng
042 _adc
050 4 _aDU
050 4 _aPR
100 1 _aStevenson, Robert Louis,
_d1850-1894
245 1 4 _aThe Works of Robert Louis Stevenson - Swanston Edition, Vol. 17
_h[electronic resource] /
_cRobert Louis Stevenson
260 _bProject Gutenberg,
_c2010
505 0 _aA footnote to history: eight years of trouble in Samoa -- Island nights' entertainments.
506 _aPublic domain in the USA.
516 _aElectronic text
653 _aSamoan Islands -- History
653 _aIslands of the Pacific -- Fiction
653 _aShort stories
700 1 _aLang, Andrew,
_d1844-1912
830 0 _aProject Gutenberg
_v31012
856 4 0 _uhttp://www.gutenberg.org/ebooks/31012
942 _cEB
999 _c260267
_d260267